000 00467nam a22001577a 4500
999 _c63338
_d63338
003 Ge_BSU
005 20250919150225.0
008 250919s2006 gw ||||| |||| 00| 0 goh d
020 _a‎ 9783411055647x
041 _agoh
080 _a811.112.1 D-84
245 _aDuden Briefe gut und richtig schreiben /
_bRatgeber für richtiges und modernes Schreiben.
264 _aMannheim :
_bDudenwerlag,
_c2006.
300 _a960 p. ;
_b23 cm.
942 _2udc
_cᲬᲘᲒᲜᲘ